000 003220000a22000970004500
100 1 _aMaust, John
245 1 0 _aWhat are yor doing nex summer? Working with spearhead pays dividends that could last a lifetime
300 _aVol. 73, Num 4 (Octubre-Diciembre), Páginas 6-9
773 0 _tLatin America Evangelist
942 _cANA
999 _c54763
_d54763